<The> McGraw-Hill dictionary of international trade and finance

Salvato in:
Dettagli Bibliografici
Autore principale: Gipson, Carolyn R.
Natura: Libro
Lingua:inglese
Pubblicazione: New York McGraw-Hill 1994
Soggetti:
Tags: Aggiungi Tag
Nessun Tag, puoi essere il primo ad aggiungerne!!

MARC

LEADER 00000nam a2200000 4500
001 0177907
005 20240111124752.1
020 |a 0-07-023600-3 
020 |a 0-07-023601-1 
041 0 |a eng 
044 |a US 
245 1 0 |a <The> McGraw-Hill dictionary of international trade and finance  |c Carolyn R. Gipson 
264 1 |a New York  |b McGraw-Hill  |c 1994 
300 |a x, 419 s. 
610 2 0 |a obchod medzinárodný 
610 2 0 |a financie medzinárodné 
100 1 |a Gipson, Carolyn R.